00401nam a2200133Ia 450000500170000000800410001702000150005808200130007310000190008624500870010526000520019230000130024465000100025720240404075302.0240331s9999 xx 000 0 und d a9558610003 bWANa331 aWanasundera, L 0aMigrant women domestic workers :bCyprus, Greece and ItalycLeelangi, Wanasundera. aColombo :bCenter for Women's Research /.c2001 a232 p ., aWomen